Μακεδονίας νόμισμα : από τη συλλογή της ALPHA BANK

Αποθηκεύτηκε σε:
Λεπτομέρειες βιβλιογραφικής εγγραφής
Συγγραφή απο Οργανισμό/Αρχή: Alpha Bank
Άλλοι συγγραφείς: Τσαγκάρη, Δήμητρα (edtf)
Μορφή: Βιβλίο
Γλώσσα:Greek
Δημοσίευση: Αθήνα : Alpha Bank, 2009.
Θέματα:
Ετικέτες: Προσθήκη ετικέτας
Δεν υπάρχουν, Καταχωρήστε ετικέτα πρώτοι!

MARC

LEADER 00000cam a2200000 i 4500
001 1/58348
008 141021s2009 gr | ||| |||| ||gre||
020 |a 9789609836340 
035 |l 10119507 
040 |a GR-MyUa  |b gre  |e AACR2 
041 0 |a gre 
082 7 |a 737.4938   |2 (23) 
082 7 |a 737.49381   |2 (23) 
245 0 0 |a Μακεδονίας νόμισμα :   |b από τη συλλογή της ALPHA BANK /   |c γενική επιμέλεια, κείμενα: Δήμητρα Τσαγκάρη 
260 |a Αθήνα :   |b Alpha Bank,   |c 2009. 
300 |a 151 σ. :   |b εικ. ;   |c 30 εκ. 
500 |a Κατάλογος έκθεσης που πραγματοποιήθηκε από 27 Φεβ.-8 Ιούν., 2009 στο Αρχαιολογικό Μουσείο Θεσσαλονίκης. 
650 0 |a Coins, Greek  |z Macedonia  |x Exhibitions. 
650 0 |a Coins, Ancient  |z Macedonia  |x Exhibitions. 
700 1 |a Τσαγκάρη, Δήμητρα,  |e edtf 
710 2 |a Alpha Bank. 
852 |a INST  |b RHODES  |e 20141021  |h 737.49381 ΜΑΚ  |p 005400037130  |q 005400037130  |t BK  |y 0 
852 |a INST  |b SYROS  |e 20220928  |h 737.4938 ΜΑΚ  |p 005500015651  |q 005500015651  |t BK  |y 0 
901 |a BIBL4-2014-3 
970 |z 2014/10/21